000 01186nam0a22003131 4500
001 RU\INFOCOMM_317\NLR\5000041490
005 20250614081257.0
035 _a(NLR Aleph) 010642632
090 _a10675933
_c10675933
100 _a20130402d1973 |||y0rusy50 ca
101 0 _afre
102 _aRU
105 _ay z||||
200 1 _aA la veille de la seconde guerre mondiale, 1933-1939
_eEssai de politique étrangère
_fVilnis Sipols et Mikhaïl Kharlamov
210 _aM.
_cÉd. de l'Agence de presse "Novosti"
_d1973
215 _a297 с.
_d16 см
300 _aНа обл. авт. не указаны
300 _aВ вып. дан.: В. Сиполсб М. Харламов. Накануне Второй мировой войны
606 0 _aВторая мировая война
_xПодготовка
_z1939 - 1945
_2nlr_sh1
620 _aМосква
686 _aТ3(0)6-6
_2rubbk
700 1 _aSipols
_bV.
_f1923-
_gVilnis
701 1 _9z01790
_aCharlamov
_bM. V.
_gMichail Vasil'evič
790 1 _9z01701
_aKharlamov
_bM.
_gMikhail
_4070
801 1 _aRU
_bInfocomm
_c20130402
801 0 _aRU
_bINFOCOMM
_gPSBO
852 _aNLR
_jИ25 Д-1/115
942 _cBOOK
980 _aNB